000 01025 a2200217 4500
001 63064
005 20260407155925.0
008 260407a2006 arg spa d
003 AR-UNSa-BCEJYS
040 _aAR-UNSa-BCEJYS
_bspa
_cAR-UNSa-BCEJYS
080 _a378
_xEnseñanza superior. Universidades. Escuelas especiales
245 1 0 _aLa universidad pública en un proyecto de Nación
_pEn el marco del proyecto Mariano Moreno para la reformulación del contrato social
020 _a978-987-03-0834-8
264 1 _aBuenos Aires :
_bLa Ley
_c2006
300 _axvi, 208 p.
_c24 cm.
505 _a1. El mundo actual y la educación - 2. Para salir de la crisis – 3. Marco constitucional de la educación superior – 4. Los principios de la reforma universitaria – 5. Hacia un nuevo contrato social – 6. Bases para una nueva Ley de educación superior – 7. Propuestas de acción en 5600 palabras
041 _aspa
942 _cBK
590 _aniveau_biblio:m niveau_hierar:0
100 1 _aAlterini, Atilio Aníbal
999 _c7964
_d7964